01198cam a2200301 a 45000010009000000050017000090080041000260100015000670200039000820400028001210820020001491000029001692450087001982600082002853000051003675000024004185040031004426500044004736500049005176500048005666500023006146500032006376530025006696550024006949420020007189990017007389520141007551746311320201128021130.0120914t2013 xxkadk frb f001 0 eng d a2012037107 a9780199971596 (cloth : alk. paper) aDLCcDLCdDLCdEG-ScBUE00a332.15222bSCH1 aSchoenmaker, Dirk93658910aGovernance of international banking :bthe financial trilemma /cDirk Schoenmaker. aOxford, United Kingdom :bOxford University Press,cc.2013f(Acid-Free Paper) axxi, 178 p. :bcharts, forms, tables ;c25 cm. aIndex : p. 167-178. aBibliography : p. 159-165. 0aBanks and banking, International920013 0aFinancial institutions, International932219 0aBanks and bankingxState supervision936590 0aBanking law936591 0aInternational finance91619 bBUSADMcNovember2014 vreading book934232 2ddck332.15 SCH c18644d18616 00102ddc40708BaccahaMAINbMAINc1STd2014-11-18epurchaseg256.00h20677l0o332.15 SCHp000037027r2025-07-15 00:00:00v320.00yBB